Statistics for New Zealand Rugby All Blacks - 100% record on Australian Soil

Click here to take the quiz!

General Stats

  • This quiz has been taken 18 times
  • The average score is 3 of 5

Answer Stats

TestsPlayr% Correct
6Colin Meads
94%
4Don Clarke
61%
4Ian Clarke
56%
4Wilson Whineray
56%
4Nev MacEwan
11%

Score Distribution

Percentile by Number Answered

Percent of People with Each Score

Your Score History

You have not taken this quiz